000 01092nam a2200265 a 4500
001 000023704
005 20200930022413.0
008 101220s2002 sp r 001 e spa d
020 _a8484830780
040 _aDO-SdBNP
_bspa
_cBNPHU
082 _annnn
_bA668a
100 1 _aArce, Fernando de,
_948818
245 1 0 _aAdagios y fábulas /
_cFernando de Arce ; introducción, edición crítica, traducción anotada e índices a cargo de Antonio Serrano Cueto ; prólogo de J. Mª Maestre Maestre.
260 _aAlcañiz :
_bInstituto de Estudios Humanísticos ;
_aMadrid :
_bLaberinto,
_c2002.
300 _acviii, 288 p. ;
_c25 cm .
490 1 _aPalmyrenvs
_v2
490 1 _aTextos y estudios humanísticos
_v2
500 _aIncluye índice
500 _aIncluye referencias bibliográficas y notas al pie de las páginas.
504 _aBibliografía: p. XCIX-CVIII
590 _aInventariado, 2019 /LP
700 1 _aSerrano Cueto, Antonio,
_d1965-
_948819
700 1 _aMaestre Maestre, José María,
_epról.
_943470
830 0 _aPalmyrenvs.
_pTextos y estudios humanísticos ;
_v2
_948820
999 _c23200
_d23200